000 00385 a2200169 4500
001 73167
020 _a85322448815
040 _cAnchieta - Colégio São Paulo
100 _aRodrigue, Joelza Ester
240 1 0 _aHistória em documento
_lpor
245 1 0 _aHistória em documento
300 _a269
362 0 _a2001
440 1 _aFTD
650 4 _aHistória do mundo
942 _cBK
999 _c73167
_d73167